<?xml version="1.0" encoding="UTF-8"?>
<record
    xmlns:xsi="http://www.w3.org/2001/XMLSchema-instance"
    xsi:schemaLocation="http://www.loc.gov/MARC21/slim http://www.loc.gov/standards/marcxml/schema/MARC21slim.xsd"
    xmlns="http://www.loc.gov/MARC21/slim">

  <leader>02642nam a22002897a 4500</leader>
  <controlfield tag="001">8090</controlfield>
  <controlfield tag="003">FISKH</controlfield>
  <controlfield tag="005">20250822120515.0</controlfield>
  <controlfield tag="008">250822b        cb ||||| |||| 00| 0 eng d</controlfield>
  <datafield tag="020" ind1=" " ind2=" ">
    <subfield code="a">9789995095550</subfield>
  </datafield>
  <datafield tag="040" ind1=" " ind2=" ">
    <subfield code="a">FISKH</subfield>
    <subfield code="b">khr</subfield>
    <subfield code="c">FISKH</subfield>
    <subfield code="d">FISKH</subfield>
  </datafield>
  <datafield tag="050" ind1=" " ind2=" ">
    <subfield code="a">PZ7 </subfield>
  </datafield>
  <datafield tag="100" ind1=" " ind2=" ">
    <subfield code="a">Maly, Kheang </subfield>
  </datafield>
  <datafield tag="245" ind1=" " ind2=" ">
    <subfield code="a">&#x1785;&#x17C5;&#x1785;&#x17B6;&#x1780;&#x17CB;&#x179F;&#x17D2;&#x1798;&#x17BB;&#x1782; : </subfield>
    <subfield code="b">Chowchaksmok / </subfield>
    <subfield code="c">&#x179A;&#x17C0;&#x1794;&#x179A;&#x17C0;&#x1784;&#x178A;&#x17C4;&#x1799; &#x179B;&#x17C4;&#x1780;&#x179F;&#x17D2;&#x179A;&#x17B8; &#x1783;&#x17B6;&#x1784; &#x1798;&#x17C9;&#x17B6;&#x179B;&#x17B8; ,&#x200B; &#x17A2;&#x178F;&#x17D2;&#x1790;&#x1794;&#x1791;&#x1787;&#x17B6;&#x1797;&#x17B6;&#x179F;&#x17B6;&#x17A2;&#x1784;&#x17CB;&#x1782;&#x17D2;&#x179B;&#x17C1;&#x179F; &#x179B;&#x17C4;&#x1780; &#x179F;&#x17BF;&#x1793; &#x179F;&#x17C4;&#x1797;&#x17D0;&#x178E;</subfield>
  </datafield>
  <datafield tag="260" ind1=" " ind2=" ">
    <subfield code="a">&#x1797;&#x17D2;&#x1793;&#x17C6;&#x1796;&#x17C1;&#x1789; :</subfield>
    <subfield code="b">&#x179A;&#x17C4;&#x1784;&#x1796;&#x17BB;&#x1798;&#x17D2;&#x1796; &#x1782;&#x17B8;&#x1798;&#x17A1;&#x17BB;&#x1784; ,</subfield>
    <subfield code="c">2008,</subfield>
  </datafield>
  <datafield tag="300" ind1=" " ind2=" ">
    <subfield code="a">16 pages : </subfield>
    <subfield code="b">color illustrations ;</subfield>
    <subfield code="c">30 cm . </subfield>
  </datafield>
  <datafield tag="505" ind1=" " ind2=" ">
    <subfield code="a">M 
</subfield>
  </datafield>
  <datafield tag="520" ind1=" " ind2=" ">
    <subfield code="a">&#x1798;&#x17B6;&#x1793;&#x1794;&#x17BB;&#x179A;&#x179F;&#x1780;&#x17C6;&#x179F;&#x178F;&#x17CB;&#x1798;&#x17D2;&#x1793;&#x17B6;&#x1780;&#x17CB;&#x1788;&#x17D2;&#x1798;&#x17C4;&#x17C7; &#x1785;&#x17C5;&#x1785;&#x17B6;&#x1780;&#x17CB;&#x179F;&#x17D2;&#x1798;&#x17BB;&#x1782; &#x1787;&#x17B6;&#x1780;&#x17D2;&#x1798;&#x17C1;&#x1784;&#x1780;&#x17C6;&#x1796;&#x17D2;&#x179A;&#x17B6; &#x1794;&#x17D2;&#x179A;&#x1780;&#x1794;&#x179A;&#x1794;&#x179A;&#x1785;&#x17B6;&#x1780;&#x17CB;&#x179F;&#x17D2;&#x1798;&#x17BB;&#x1782; &#x1793;&#x17B7;&#x1784;&#x1780;&#x1793;&#x17D2;&#x179A;&#x17D2;&#x178F;&#x1780;&#x179B;&#x1780;&#x17CB; &#x17D4;&#x200B; &#x1790;&#x17D2;&#x1784;&#x17C3;&#x1798;&#x17BD;&#x1799;&#x1782;&#x17B6;&#x178F;&#x17CB;&#x1794;&#x17B6;&#x1793;&#x1791;&#x17C5;&#x1785;&#x17B6;&#x1780;&#x17CB;&#x179F;&#x17D2;&#x1798;&#x17BB;&#x1782;&#x1793;&#x17C5;&#x179B;&#x17BE;&#x1785;&#x17BB;&#x1784;&#x178F;&#x17D2;&#x1793;&#x17C4;&#x178F; &#x1780;&#x17CF;&#x1797;&#x17D2;&#x179B;&#x17B6;&#x178F;&#x17CB;&#x1787;&#x17BE;&#x1784;&#x179A;&#x17C0;&#x1794;&#x1793;&#x17BA;&#x1784;&#x1792;&#x17D2;&#x179B;&#x17B6;&#x1780;&#x17CB;&#x1780;&#x17CF;&#x1798;&#x17B6;&#x1793;&#x1791;&#x1798;&#x17D0;&#x1780;&#x1798;&#x1780;&#x1787;&#x17BD;&#x1799; &#x17D4; &#x1794;&#x17BB;&#x179A;&#x179F;&#x1791;&#x17B6;&#x17C6;&#x1784;&#x1796;&#x17B8;&#x179A; &#x1793;&#x17C5;&#x178F;&#x17C4;&#x1784;&#x1787;&#x17B6;&#x1794;&#x17CB;&#x1782;&#x17D2;&#x1793;&#x17B6;&#x200B; &#x1791;&#x17C5;&#x178E;&#x17B6;&#x1798;&#x17B7;&#x1793;&#x179A;&#x17BD;&#x1785;&#x1780;&#x17CF;&#x179B;&#x17C1;&#x1785;&#x1785;&#x17C1;&#x1789;&#x1791;&#x17C6;&#x1796;&#x17C2;&#x1780;&#x17E4;&#x1793;&#x17B6;&#x1780;&#x17CB; &#x1798;&#x1780;&#x1787;&#x17BD;&#x1799; &#x17D4; &#x1787;&#x17B6;&#x17A2;&#x1780;&#x17BB;&#x179F;&#x179B;&#x1791;&#x17C6;&#x1796;&#x17C2;&#x1780;&#x1791;&#x17B6;&#x17C6;&#x1784;&#x17E4;&#x1794;&#x17B6;&#x1793;&#x179F;&#x17D2;&#x179B;&#x17B6;&#x1794;&#x17CB;&#x178A;&#x17C4;&#x1799;&#x1791;&#x1784;&#x17D2;&#x1782;&#x17B7;&#x1785;&#x1780;&#x17D2;&#x1794;&#x17B6;&#x179B;&#x1782;&#x17D2;&#x1793;&#x17B6;&#x178A;&#x17C4;&#x1799;&#x179F;&#x17B6;&#x179A;&#x1780;&#x17B6;&#x179A;&#x1787;&#x17BD;&#x1799;&#x1794;&#x17BB;&#x179A;&#x179F;&#x1791;&#x17B6;&#x17C6;&#x1784;&#x1796;&#x17B8;&#x179A; &#x17D4; &#x1794;&#x17BB;&#x179A;&#x179F;&#x1791;&#x17B6;&#x17C6;&#x17C6;&#x1784;&#x178E;&#x17B8;&#x179A;&#x1780;&#x17CF;&#x179F;&#x17C6;&#x1796;&#x17C7;&#x179F;&#x17D2;&#x1798;&#x17B6;&#x179B;&#x17B6;&#x1791;&#x17C4;&#x179F; &#x179A;&#x17BD;&#x1785;&#x1780;&#x17CF;&#x179F;&#x17C2;&#x1784;&#x179F;&#x1796;&#x1791;&#x17B6;&#x17C6;&#x1784;&#x17E4;&#x1799;&#x1780;&#x1791;&#x17C5;&#x1780;&#x1794;&#x17CB;&#x1780;&#x17D2;&#x1793;&#x17BB;&#x1784;&#x1796;&#x17D2;&#x179A;&#x17C3; &#x17D4;&#x200B;</subfield>
  </datafield>
  <datafield tag="520" ind1=" " ind2=" ">
    <subfield code="a">There was a poor man named Chau Chak Smok, an orphan who made a living by making trunk and pck of palm leave for sale. 
One day, while he was tapping a tree at the top of a sugar palm, he slipped and fell &#x2014; but was caught and helped by another man. The two men ended up hanging onto each other, unable to get down.Suddenly, four bald men appeared to help them. Unfortunately, while trying to save the two men, the four bald men accidentally collided with each other and died from head injuries.The two men bowed their heads in apology and sorrow, then buried the four bald men in the forest.</subfield>
  </datafield>
  <datafield tag="521" ind1="8" ind2=" ">
    <subfield code="a">550 
</subfield>
    <subfield code="b">Lexile estiamte 
</subfield>
  </datafield>
  <datafield tag="521" ind1="8" ind2=" ">
    <subfield code="a">M 
</subfield>
    <subfield code="b">Raz-Plus 
</subfield>
  </datafield>
  <datafield tag="650" ind1=" " ind2=" ">
    <subfield code="a">&#x1785;&#x17C5;&#x1785;&#x17B6;&#x1780;&#x17CB;&#x179F;&#x17D2;&#x1798;&#x17BB;&#x1782;</subfield>
  </datafield>
  <datafield tag="650" ind1=" " ind2=" ">
    <subfield code="a">Chao chak smok</subfield>
  </datafield>
  <datafield tag="700" ind1=" " ind2=" ">
    <subfield code="a">Buntheourn, Kong</subfield>
    <subfield code="e">Illustrator </subfield>
  </datafield>
  <datafield tag="942" ind1=" " ind2=" ">
    <subfield code="2">ddc</subfield>
    <subfield code="c">KHB</subfield>
    <subfield code="n">0</subfield>
  </datafield>
  <datafield tag="999" ind1=" " ind2=" ">
    <subfield code="c">8090</subfield>
    <subfield code="d">8090</subfield>
  </datafield>
  <datafield tag="952" ind1=" " ind2=" ">
    <subfield code="0">0</subfield>
    <subfield code="1">0</subfield>
    <subfield code="2">ddc</subfield>
    <subfield code="4">0</subfield>
    <subfield code="7">0</subfield>
    <subfield code="a">002</subfield>
    <subfield code="b">002</subfield>
    <subfield code="c">TTP Khmer</subfield>
    <subfield code="d">2025-08-22</subfield>
    <subfield code="l">0</subfield>
    <subfield code="o">MAL PZ7</subfield>
    <subfield code="p">2025-4212</subfield>
    <subfield code="r">2025-08-22 12:04:48</subfield>
    <subfield code="t">1</subfield>
    <subfield code="w">2025-08-22</subfield>
    <subfield code="y">KHB</subfield>
  </datafield>
  <datafield tag="952" ind1=" " ind2=" ">
    <subfield code="0">0</subfield>
    <subfield code="1">0</subfield>
    <subfield code="2">ddc</subfield>
    <subfield code="4">0</subfield>
    <subfield code="7">0</subfield>
    <subfield code="a">002</subfield>
    <subfield code="b">002</subfield>
    <subfield code="c">TTP Khmer</subfield>
    <subfield code="d">2025-08-22</subfield>
    <subfield code="l">0</subfield>
    <subfield code="o">MAL PZ7</subfield>
    <subfield code="p">2025-4213</subfield>
    <subfield code="r">2025-08-22 12:08:16</subfield>
    <subfield code="t">2</subfield>
    <subfield code="w">2025-08-22</subfield>
    <subfield code="y">KHB</subfield>
  </datafield>
  <datafield tag="952" ind1=" " ind2=" ">
    <subfield code="0">0</subfield>
    <subfield code="1">0</subfield>
    <subfield code="2">ddc</subfield>
    <subfield code="4">0</subfield>
    <subfield code="7">0</subfield>
    <subfield code="a">002</subfield>
    <subfield code="b">002</subfield>
    <subfield code="c">TTP Khmer</subfield>
    <subfield code="d">2025-08-22</subfield>
    <subfield code="l">0</subfield>
    <subfield code="o">MAL PZ7</subfield>
    <subfield code="p">2025-4214</subfield>
    <subfield code="r">2025-08-22 12:08:27</subfield>
    <subfield code="t">3</subfield>
    <subfield code="w">2025-08-22</subfield>
    <subfield code="y">KHB</subfield>
  </datafield>
</record>
